000 00474 a2200193 4500
005 20260121105720.0
008 260119b |||||||| |||| 00| 0 eng d
020 _a9789357483377
_cRs. 299.00
040 _aMAIN
082 _a823
_bB789P
100 _aBronte, Charlotte
245 _a Professor
260 _bDouble 9 Books
_c2024
_aNew Delhi
300 _a240
650 _aEnglish Literature
650 _aEnglish Novel
700 _aBell, Currer
942 _cBK
999 _c395120
_d395120